|
|
|
|
| LEADER |
00000nab a2200000 a 4500 |
| 001 |
vtls000594540 |
| 003 |
SK-MaSNL |
| 005 |
20260304090143.0 |
| 008 |
250425c1996 xo 0 slo |
| 015 |
|
|
|a SNBRB19rr/mm-uuuuu
|
| 035 |
|
|
|a CL0594679
|
| 035 |
|
|
|a urn:nbn:sk:snk-ab2hsb
|
| 035 |
|
|
|a (urnnbn)urn:nbn:sk:snk:ar-a02fuv
|
| 035 |
|
|
|a (uuid)cd6857d7-a888-4e37-8d0b-8e7651b5b901
|
| 040 |
|
|
|a SNKBUCL
|b slo
|c SNKBUCL
|e AACR2
|
| 041 |
0 |
|
|a slo
|
| 044 |
|
|
|a xo
|c SK
|
| 080 |
|
|
|a 801-051
|2 1981
|
| 080 |
|
|
|a 808.54-051
|2 1981
|
| 080 |
|
|
|a 808.1-051
|2 1981
|
| 080 |
|
|
|a 929 Buffa, Ferdinand
|2 1981
|
| 100 |
1 |
|
|a Doruľa, Ján,
|d 1933-
|4 aut
|9 13281
|
| 245 |
1 |
0 |
|a Ferdinand Buffa sedemdesiatročný
|c Ján Doruľa
|
| 600 |
1 |
7 |
|a Buffa, Ferdinand,
|d 1926-2012
|2 snkbucl
|9 99943
|
| 655 |
|
7 |
|a články z novín a časopisov
|2 snkbucl
|9 267496
|
| 655 |
|
7 |
|a články z odboru slavistika
|2 snkbucl
|9 150819
|
| 773 |
0 |
|
|t Slavica slovaca
|g Roč. 31, č. 1 (1996), s. 75-76
|
| 850 |
|
|
|a Slovenská národná knižnica
|
| 852 |
|
|
|a Slovenská národná knižnica
|
| 954 |
|
|
|a odborná, vedecká literatúra pôvodná (slovenská)
|2 lita
|
| 958 |
|
|
|a article27
|
| 958 |
|
|
|a BX
|
| 958 |
|
|
|a RK
|
| 958 |
|
|
|a SS
|
| 958 |
|
|
|a SK
|
| 958 |
|
|
|a OND
|
| 958 |
|
|
|a EUIPO
|
| 992 |
|
|
|a RBX
|
| 999 |
|
|
|c 2810498
|d 2812428
|